00624nam a2200181Ia 4500999001500000020001800015082002000033245009100053260004500144300001300189504003600202650001400238650001800252700001900270700002000289942000700309952012600316 c6436d6436 a9780195695135 aRR 920.008 PIO- 0aPioneering the human devlopment revolution: an intellectual biography of Mahbub Ul Haq aNew DelhibOxford University Pressc2008 axvi, 266 aincludes bibliography and index aBiography aMahbub Ul Huq aHaq, Mahbub Ul aPonzio, Richard cBK 00104070aNASSDOCbNASSDOCd2009-02-18eSSSi2009-01-01l0oRR 920.008 PIO-p45084r2019-04-18 00:00:00w2019-04-18yBK